000 00600nam a2200145Ia 4500
005 20260209120128.0
008 260209s9999||||xx |||||||||||||| ||und||
100 _aShahid Parvez
245 0 _aBank-NBFC merger : regulatory mechanism issues
260 _aBangaloreBangalore
_bNLSIU
_c2010
300 _a71 p. ; 25 cm.
650 _aBanks and NBFC's - Merger - India Banks and NBFC's - Merger - Role of Reserve bank of India Non-banking Financial Corporations - India
700 _aProf. (Dr.) N L Mitra - GuideProf. (Dr.) N L Mitra - Guide
856 _uhttps://dans.nls.ac.in/handle/123456789/1944
999 _c216939
_d216939